Exposure to Islamophobia: The impacts of an increased risk of bullying victimization on human capital

Gespeichert in:  
Bibliographische Detailangaben
VerfasserInnen: Romero-Ciavatto, J.G. (Verfasst von) ; Chirkova, Serafima (Verfasst von)
Medienart: Elektronisch Aufsatz
Sprache:Englisch
Veröffentlicht: 2024
In: Economics and human biology
Jahr: 2024, Band: 52
Online-Zugang: Volltext (kostenfrei)
Verfügbarkeit prüfen: HBZ Gateway

MARC

LEADER 00000caa a22000002c 4500
001 1912552884
003 DE-627
005 20250109091554.0
007 cr uuu---uuuuu
008 241217s2024 xx |||||o 00| ||eng c
024 7 |a 10.1016/j.ehb.2023.101344  |2 doi 
035 |a (DE-627)1912552884 
035 |a (DE-599)KXP1912552884 
040 |a DE-627  |b ger  |c DE-627  |e rda 
041 |a eng 
084 |a 2,1  |2 ssgn 
100 1 |a Romero-Ciavatto, J.G.  |e VerfasserIn  |4 aut 
245 1 0 |a Exposure to Islamophobia: The impacts of an increased risk of bullying victimization on human capital 
264 1 |c 2024 
336 |a Text  |b txt  |2 rdacontent 
337 |a Computermedien  |b c  |2 rdamedia 
338 |a Online-Ressource  |b cr  |2 rdacarrier 
700 1 |a Chirkova, Serafima  |e VerfasserIn  |4 aut 
773 0 8 |i Enthalten in  |t Economics and human biology  |d Amsterdam [u.a.] : Elsevier Science, 2003  |g 52(2024)  |h Online-Ressource  |w (DE-627)362723451  |w (DE-600)2099749-8  |w (DE-576)259272582  |x 1873-6130  |7 nnas 
773 1 8 |g volume:52  |g year:2024 
787 0 8 |i Forschungsdaten  |a United States Department of Justice. Federal Bureau of Investigation  |t Uniform Crime Reporting Program Data: Hate Crime Data, 2009 (Record-Type Files)  |d [Erscheinungsort nicht ermittelbar] : [Verlag nicht ermittelbar], 2011  |w (DE-627)1840050020 
787 0 8 |i Forschungsdaten  |a United States Department of Justice. Federal Bureau of Investigation  |t Uniform Crime Reporting Program Data (United States): Hate Crime Data, 2008 (Record-Type Files)  |d [Erscheinungsort nicht ermittelbar] : [Verlag nicht ermittelbar], 2010  |w (DE-627)1840053534 
787 0 8 |i Forschungsdaten  |a United States Department of Justice. Federal Bureau of Investigation  |t Uniform Crime Reporting Program Data (United States): Hate Crime Data, 2007 (Record-Type Files)  |d [Erscheinungsort nicht ermittelbar] : [Verlag nicht ermittelbar], 2009  |w (DE-627)1840054867 
787 0 8 |i Forschungsdaten  |a United States Department of Justice. Federal Bureau of Investigation  |t Uniform Crime Reporting Program Data (United States): Hate Crime Data, 2006 (Record-Type Files)  |d [Erscheinungsort nicht ermittelbar] : [Verlag nicht ermittelbar], 2008  |w (DE-627)1840055782 
787 0 8 |i Forschungsdaten  |a United States Department of Justice. Federal Bureau of Investigation  |t Uniform Crime Reporting Program Data (United States): Hate Crime Data, 2005 (Record-Type Files)  |d [Erscheinungsort nicht ermittelbar] : [Verlag nicht ermittelbar], 2008  |w (DE-627)1840055774 
787 0 8 |i Forschungsdaten  |a United States Department of Justice. Federal Bureau of Investigation  |t Uniform Crime Reporting Program Data (United States): Hate Crime Data, 2004 (Record-Type Files)  |d [Erscheinungsort nicht ermittelbar] : [Verlag nicht ermittelbar], 2008  |w (DE-627)1840055766 
787 0 8 |i Forschungsdaten  |a United States Department of Justice. Federal Bureau of Investigation  |t Uniform Crime Reporting Program Data (United States): Hate Crime Data, 2003 (Record-Type Files)  |d [Erscheinungsort nicht ermittelbar] : [Verlag nicht ermittelbar], 2008  |w (DE-627)184005557X 
787 0 8 |i Forschungsdaten  |a United States Department of Justice. Federal Bureau of Investigation  |t Uniform Crime Reporting Program Data (United States): Hate Crime Data, 2002 (Record-Type Files)  |d [Erscheinungsort nicht ermittelbar] : [Verlag nicht ermittelbar], 2008  |w (DE-627)1840055561 
787 0 8 |i Forschungsdaten  |a United States Department of Justice. Federal Bureau of Investigation  |t Uniform Crime Reporting Program Data (United States): Hate Crime Data, 2001 (Record-Type Files)  |d [Erscheinungsort nicht ermittelbar] : [Verlag nicht ermittelbar], 2008  |w (DE-627)1840055553 
787 0 8 |i Forschungsdaten  |a United States Department of Justice. Federal Bureau of Investigation  |t Uniform Crime Reporting Program Data (United States): Hate Crime Data, 2000 (Record-Type Files)  |d [Erscheinungsort nicht ermittelbar] : [Verlag nicht ermittelbar], 2008  |w (DE-627)1840055545 
787 0 8 |i Forschungsdaten  |a United States Department of Justice. Federal Bureau of Investigation.  |t Uniform Crime Reporting Program Data (United States): Hate Crime Data, 1999 (Record-Type Files)  |d [Erscheinungsort nicht ermittelbar] : [Verlag nicht ermittelbar], 2008  |w (DE-627)1840055537 
787 0 8 |i Forschungsdaten  |a United States Department of Justice. Federal Bureau of Investigation  |t Uniform Crime Reporting Program Data (United States): Hate Crime Data, 1998 (Record-Type Files)  |d [Erscheinungsort nicht ermittelbar] : [Verlag nicht ermittelbar], 2008  |w (DE-627)1840055529 
787 0 8 |i Forschungsdaten  |a United States Department of Justice. Federal Bureau of Investigation  |t Uniform Crime Reporting Program Data (United States): Hate Crime Data, 1997 (Record-Type Files)  |d [Erscheinungsort nicht ermittelbar] : [Verlag nicht ermittelbar], 2008  |w (DE-627)1840055510 
787 0 8 |i Forschungsdaten  |a United States Department of Justice. Federal Bureau of Investigation  |t Uniform Crime Reporting Program Data (United States): Hate Crime Data, 1996 (Record-Type Files)  |d [Erscheinungsort nicht ermittelbar] : [Verlag nicht ermittelbar], 2008  |w (DE-627)1840055502 
787 0 8 |i Forschungsdaten  |a United States Department of Justice. Federal Bureau of Investigation  |t Uniform Crime Reporting Program Data (United States): Hate Crime Data, 1995 (Record-Type Files)  |d [Erscheinungsort nicht ermittelbar] : [Verlag nicht ermittelbar], 2008  |w (DE-627)1840055332 
787 0 8 |i Forschungsdaten  |a United States Department of Justice. Federal Bureau of Investigation  |t Uniform Crime Reporting Program Data (United States): Hate Crime Data, 1994 (Record-Type Files)  |d [Erscheinungsort nicht ermittelbar] : [Verlag nicht ermittelbar], 2008  |w (DE-627)1840055324 
787 0 8 |i Forschungsdaten  |a United States Department of Justice. Federal Bureau of Investigation  |t Uniform Crime Reporting Program Data (United States): Hate Crime Data, 1993 (Record-Type Files)  |d [Erscheinungsort nicht ermittelbar] : [Verlag nicht ermittelbar], 2008  |w (DE-627)1840055359 
787 0 8 |i Forschungsdaten  |a United States Department of Justice. Federal Bureau of Investigation  |t Uniform Crime Reporting Program Data (United States): Hate Crime Data, 1992 (Record-Type Files)  |d [Erscheinungsort nicht ermittelbar] : [Verlag nicht ermittelbar], 2008  |w (DE-627)1840055316 
856 4 0 |u https://doi.org/10.1016/j.ehb.2023.101344  |x Resolving-System  |z kostenfrei  |3 Volltext  |7 0 
935 |a mkri 
951 |a AR 
ELC |a 1 
LOK |0 000 xxxxxcx a22 zn 4500 
LOK |0 001 4637518385 
LOK |0 003 DE-627 
LOK |0 004 1912552884 
LOK |0 005 20241217044449 
LOK |0 008 241217||||||||||||||||ger||||||| 
LOK |0 035   |a (DE-2619)ICPSR173341 
LOK |0 040   |a DE-2619  |c DE-627  |d DE-2619 
LOK |0 092   |o n 
LOK |0 852   |a DE-2619 
LOK |0 852 1  |9 00 
LOK |0 935   |a nacp 
LOK |0 939   |a 17-12-24  |b l01 
OAS |a 1 
ORI |a SA-MARC-krimdoka001.raw